Global market report 2011 (Record no. 111768)

MARC details
000 -LEADER
fixed length control field 01185cad a22002295a 4500
001 - CONTROL NUMBER
control field L151972
008 - FIXED-LENGTH DATA ELEMENTS--GENERAL INFORMATION
fixed length control field 110117s2011 d f s 000 0 eng d
035 ## - SYSTEM CONTROL NUMBER
System control number (Sirsi) u151972
041 0# - LANGUAGE CODE
Language code of text/sound track or separate title eng
050 04 - LIBRARY OF CONGRESS CALL NUMBER
Classification number 333.33 $2 18
110 2# - MAIN ENTRY--CORPORATE NAME
Corporate name or jurisdiction name as entry element NAI Global
9 (RLIN) 5315
245 00 - TITLE STATEMENT
Title Global market report 2011
Remainder of title values, trends and opportunities in 200+ property markets worldwide
Medium [electronic resource]
260 ## - PUBLICATION, DISTRIBUTION, ETC.
Place of publication, distribution, etc. Princeton
Name of publisher, distributor, etc. NAI Global
Date of publication, distribution, etc. 2011
490 #0 - SERIES STATEMENT
Series statement NAI Global Market Report
Volume/sequential designation 2011
520 ## - SUMMARY, ETC.
Summary, etc. Provides comprehensive market data and overviews on over 200 property markets around the world, covering all primary and most secondary and tertiary markets including investment, office, industrial, retail and land markets. Using both narrative market reports and statistical charts, it offers market highlights and trends, demographic and business profiles, rental rates, vacancy rates and land prices.
590 ## - LOCAL NOTE (RLIN)
Local note KA NTK
650 24 - SUBJECT ADDED ENTRY--TOPICAL TERM
Topical term or geographic name entry element NAI GLOBAL MARKET REPORT
651 #4 - SUBJECT ADDED ENTRY--GEOGRAPHIC NAME
Geographic name International
690 ## - LOCAL SUBJECT ADDED ENTRY--TOPICAL TERM (OCLC, RLIN)
Topical term or geographic name as entry element PROPERTY-COMMERCIAL PROPERTY-COMMERCIAL PROPERTY MARKET
856 40 - ELECTRONIC LOCATION AND ACCESS
Uniform Resource Identifier <a href="https://www.naiglobal.com/publications.aspx">https://www.naiglobal.com/publications.aspx</a>
Public note View the item free of charge at www.naiglobal.com
942 ## - ADDED ENTRY ELEMENTS (KOHA)
Suppress in OPAC 0
Holdings
Withdrawn status Lost status Source of classification or shelving scheme Damaged status Not for loan Home library Current library Shelving location Date acquired Total Checkouts Full call number Barcode Date last seen Copy number Price effective from Koha item type
    Dewey Decimal Classification     Virtual Virtual Online 17/01/2011   ONLINE PUBLICATION 151972-2001 06/08/2019 1 06/08/2019 Book